000 00417 a2200169 4500
001 69971
020 _a8508099509
040 _cAnchieta - Itaigara
100 _aMoraes, Renato Kujawski Leite de
240 1 0 _aHistórias que o besouro me contou
_lpor
245 1 0 _aHistórias que o besouro me contou
300 _a30
362 0 _a2006
440 1 _aÁtica
650 4 _aLiteratura infanto-juvenil
942 _cBK
999 _c69971
_d69971